000 01010nam a2200301 i 4500
001 143753
003 SpMaBN
005 20250727033931.0
008 891122s1951 ag spa
016 7 _abimoBNE19910600332
_zSAB9000065553
_2SpMaBN
035 _a(OCoLC)48286003
040 _aSpMaBN
_bspa
_cSpMaBN
_erdc
_dES-MaACL
080 _a330.85
080 _a141.82
100 _aSheen, Fulton J.
_d1895-1979
_0XX820391
_9227301
245 1 3 _aEl Comunismo y la conciencia occidental /
_cFulton J. Sheen ; versión castellana de León Mirlas
260 _aBuenos Aires :
_bEspasa-Calpe Argentina,
_c1951
300 _a212 p. ;
_c22 cm
500 _aTraducción de: Communism and the conscience of the west
504 _aBibliografía
650 7 _aComunismo
_2embne
_911211
852 _aES-MaACL
_bR.31985
_cSVI
_jD-7776
_9148945
942 _2udc
_cMONOGRAFIA
956 _a1
980 _aSpMaBN
_bBNMADRID
_j3/165817
_cSG_RECOLET
999 _c143753
_d143753